Wszystkie konsole Nintendo - Statystyki

Ogólne statystyki
  • Ten quiz został rozwiązany 80 razy
  • Średni wynik to 11 z 15
Statystyki odpowiedzi
Rok Odpowiedź % Poprawnych
2017 Nintendo Switch
95%
1983 Nintendo Entertainment System
91%
2006 Nintendo Wii
89%
1989 Game Boy
88%
2004 Nintendo DS
85%
1990 Super Nintendo Entertainment System
85%
1996 Nintendo 64
83%
2012 Nintendo Wii U
82%
2011 Nintendo 3DS
78%
1998 Game Boy Color
75%
2001 Game Boy Advance
72%
2001 Nintendo Gamecube
63%
1995 Virtual Boy
57%
1980 Game & Watch
55%
1977 Color TV-Game
26%
Nie znaleziono quizów pasujących do podanych kryteriów
Rozkład punktacji
Procent ludzi z każdym wynikiem
Percentyl według liczby udzielonych odpowiedzi
Twoja historia wyników
Nie rozwiązałeś tego quizu